Are There Optimal Multiple Reserve Requirements?

Enregistré dans:
Détails bibliographiques
Auteur principal: Espinosa, Marco
Autres auteurs: Russell, Steven
Format: Livre
Langue:anglais
Publié: Atlanta Federal Reserve Bank of Atlanta 1996
Édition:1. ed.
Collection:Working Paper 96-18
Sujets:
Tags: Ajouter un tag
Pas de tags, Soyez le premier à ajouter un tag!

MARC

LEADER 00000nam a2200000 4500
001 c019207
005 20221205124942.3
041 0 |a eng 
044 |a US 
245 1 0 |a Are There Optimal Multiple Reserve Requirements?  |c Marco Espinosa, Steven Russell 
250 |a 1. ed. 
264 1 |a Atlanta  |b Federal Reserve Bank of Atlanta  |c 1996 
300 |a 22 s. 
490 1 |a Working Paper  |v 96-18 
830 0 |a Working Paper  |v 96-18 
610 2 0 |a rezervy devízové 
610 2 0 |a úrok 
610 2 0 |a rezervy štátne 
610 2 0 |a rezervy finančné 
610 2 0 |a banky 
100 1 |a Espinosa, Marco 
700 1 |a Russell, Steven